OPAC Home

ළදරු ගී (Record no. 114520)

MARC details
000 -LEADER
fixed length control field 00440nam a2200181Ia 4500
003 - CONTROL NUMBER IDENTIFIER
control field LK-CoDNM
005 - DATE AND TIME OF LATEST TRANSACTION
control field 20240123142106.0
008 - FIXED-LENGTH DATA ELEMENTS--GENERAL INFORMATION
fixed length control field 010623t1989 xxu||||| |||| 00| 1 sin d
040 ## - CATALOGING SOURCE
Original cataloging agency LK-CoDNM
Modifying agency LK-CoDNM
Description conventions LK-CoDNM
041 ## - LANGUAGE CODE
Language code of text/sound track or separate title Sinhala; Sinhalese
080 ## - UNIVERSAL DECIMAL CLASSIFICATION NUMBER
Universal Decimal Classification number 104
Item number M 6
942 ## - ADDED ENTRY ELEMENTS (KOHA)
Koha item type Books
100 ## - MAIN ENTRY--PERSONAL NAME
Personal name Rajakaruna,Ananda.
245 ## - TITLE STATEMENT
Title ළදරු ගී
246 ## - VARYING FORM OF TITLE
Title proper/short title Ladaru Gee
260 ## - PUBLICATION, DISTRIBUTION, ETC. (IMPRINT)
Name of publisher, distributor, etc. J. D.Pranandu
Place of publication, distribution, etc. Colombo
Date of publication, distribution, etc. 1989
300 ## - PHYSICAL DESCRIPTION
Other physical details 52p, 21 cm
Holdings
Withdrawn status Lost status Damaged status Not for loan Collection code Permanent Location Current Location Shelving location Date acquired Full call number Barcode Koha item type
      Not For Loan Monographs Library National Museum Colombo - Sri Lanka Library National Museum Colombo - Sri Lanka Reference 2023-08-02 104 M 6 OB1017 Books
Copyright © 2023 Department of National Museum, Colombo 07, Sri Lanka Funded by UNESCO IFAP UNESCO